000
00289nam a22001337a 4500
008
170720b xxu||||| |||| 00| 0 eng d
020
_a
9780072263442
041
_a
eng
080
_a
004
100
_a
28
101
_a
SHKI
245
_a
3G WIRELESS NETWORKS
_c
SMITH, C
942
_2
udc
_c
BK
999
_c
21678
_d
21678